UM Logo

Desserts/ (Record no. 4772)

MARC details
000 -LEADER
fixed length control field 00469nam a22001577a 4500
008 - FIXED-LENGTH DATA ELEMENTS--GENERAL INFORMATION
fixed length control field 160922b xxu||||| |||| 00| 0 eng d
020 ## - INTERNATIONAL STANDARD BOOK NUMBER
International Standard Book Number 978-981-275-055-6
082 ## - DEWEY DECIMAL CLASSIFICATION NUMBER
Edition number 2007
Classification number DC 641.86
Item number D47
100 ## - MAIN ENTRY--PERSONAL NAME
9 (RLIN) 15126
Personal name Rainone, Piero
245 ## - TITLE STATEMENT
Title Desserts/
Statement of responsibility, etc. Piero Rainone
260 ## - PUBLICATION, DISTRIBUTION, ETC. (IMPRINT)
Place of publication, distribution, etc. Singapore:
Name of publisher, distributor, etc. Page One Publishing, Pte. Ltd.,
Date of publication, distribution, etc. c2007.
300 ## - PHYSICAL DESCRIPTION
Extent 413 pages:
Other physical details color illustrations;
Dimensions 23 cm.
500 ## - GENERAL NOTE
General note Includes index.
650 #0 - SUBJECT ADDED ENTRY--TOPICAL TERM
9 (RLIN) 15125
Topical term or geographic name as entry element Desserts
942 ## - ADDED ENTRY ELEMENTS (KOHA)
Source of classification or shelving scheme Dewey Decimal Classification
Koha item type Circulation
Holdings
Withdrawn status Lost status Source of classification or shelving scheme Damaged status Not for loan Collection code Home library Current library Date acquired Source of acquisition Total Checkouts Full call number Barcode Date last seen Price effective from Koha item type
    Dewey Decimal Classification     Circulation UM Digos College - LIC UM Digos College - LIC 09/18/2009 Purchased   DC 641.86 D47 2007 20442 05/15/2025 09/22/2016 Circulation